01387naa a2200253 i 45000010005000000030009000050050017000140080039000310400021000700800011000910840011001021000130001132450177002435000021004205200124004416500015005656500015005806500026005956550030006217000121006517000109007727110065008817730187009463361KOSZ 00520180213124143.0141020s2000 pl f |100 0 pol cBPKdKOSZ 005/EG a656.13 a502.171 aCHAMIER-GLISZCZYŃSKI, Norbert.d1997 - .bPolitechnika Koszalińska - Wydział Mechaniczny,cKatedra Mechaniki Precyzyjnej10aWybrane zagadnienia recyklingu pojazdów samochodowych w Polsce na tle rozwiązań europejskich /cNorbert Chamier-Gliszczyński, Tomasz Krzyżyński, Leon Kukiełka. aDane z autopsji. aW pracy przedstawiono wybrane zagadnienia recyklingu pojazdów samochodowych w Polsce, Niemczech, Włoszech i Francji. 0aRecykling. 0aSamochody. 0aOchrona środowiska. 0aMateriały konferencyjne.1 aKRZYŻYŃSKI, Tomasz.d1997 - .bPolitechnika Koszalińska - Wydział Mechaniczny,cKatedra Mechaniki Precyzyjnej1 aKUKIEŁKA, Leon.d1996 - .bPolitechnika Koszalińska - Wydział Mechaniczny,cKatedra Maszyn Roboczych22aSłupskie Forum Motoryzacjin(3 ;d2000 ;cSłupsk, Polska).0 iW :tTechniczne i ekologiczne aspekty rozwoju motoryzacji : III Słupskie Forum Motoryzacji : Słupsk, 13-14 maja 2000. -dSłupsk : Starostwo Powiatowe w Słupsku, 2000. -gs. 28-38